| 000 | 00459nam a2200181Ia 4500 | ||
|---|---|---|---|
| 001 | 18991 | ||
| 005 | 20260306171711.0 | ||
| 008 | 260306s9999||||xx |||||||||||||| ||und|| | ||
| 041 | _aESP | ||
| 082 |
_a658.72 _bC33 |
||
| 100 |
_aCastañeda Santos, Victoriano _eAUT |
||
| 245 | 0 | _aManual para el abastecimiento de bienes y servicios | |
| 260 | _c2004 | ||
| 300 |
_a605 páginas : _c21 cm. |
||
| 650 | _aGEN | ||
| 654 | _aCAN | ||
| 942 |
_cLIB _dJUS _fJUS _2ddc _n |
||
| 999 |
_c18991 _d18991 |
||